000
00452nam a2200169Ia 4500
008
090711s9999 xx 000 0 und d
082
_b
41188
100
_a
फळणीकर अनिल
245
_a
प्रेमिक
260
_c
1976
300
_a
188
600
_a
फळणीकर अनिल
630
_a
प्रेमिक
700
_a
फळणीकर अनिल
730
_a
प्रेमिक
942
_c
BOOK
999
_c
305459
_d
305459